000 00342cam a22001217a 4500
008 180718b1981 xxu||||| |||| 00| 0 eng d
082 _aN21x54 R164
100 _aRaina, Asoka
245 _aInside RAW: the story of India's secret service
_cby Asoka Raina
260 _aDelhi
_bVikas
_c1981
300 _a114p.
650 _aSecret service - India
999 _c352066
_d352066